| 000 | 00656nam a2200205Ii 4500 | ||
|---|---|---|---|
| 003 | JO-AjNU | ||
| 008 | 230605s9999||||xx |||||||||||||| ||und|| | ||
| 017 | _a977-1979-1252 | ||
| 040 |
_aJO-AjNU _bara _erda _cJO-AjNU |
||
| 041 | _aara | ||
| 050 | 1 | 4 | _aTK6169 1979 |
| 100 | 3 |
_aانور، محمد فكري , _eauthor _916978 |
|
| 245 | 0 | 0 | _aالتليفون الاختراع.. والحاضر.. والمستقبل |
| 264 | 3 | 1 | _aبغداد: مكتبة الوعي العربي ، 1979 |
| 300 | _a162ص | ||
| 336 |
_atext _btxt _2rdacontent |
||
| 337 |
_aunmediated _bn _2rdamedia |
||
| 338 |
_avolume _bnc _2rdacarrier |
||
| 650 | 4 |
_aالتليفون _916979 |
|
| 999 |
_aA5149 _c8717 _d8717 |
||